000
00263nam a2200109Ia 4500
008
190216s9999||||xx |||||||||||||| ||und||
100
_a
Govinda Pilla G
245
0
_a
Javaharlal Nehru
260
_b
Poorna Pubs Kozhikode
650
_a
Jeeva Charithram
942
_c
BK
999
_c
25773
_d
25773